THE MOON AT MIDNIGHT (Record no. 2246)
[ view plain ]
| 000 -LEADER | |
|---|---|
| fixed length control field | 00556nam a22001217a 4500 |
| 020 ## - INTERNATIONAL STANDARD BOOK NUMBER | |
| ISBN | 0-553-81399-4 |
| 082 ## - DEWEY DECIMAL CLASSIFICATION NUMBER | |
| Classification number | 823 |
| Item number | B IN/M |
| 100 ## - MAIN ENTRY--AUTHOR NAME | |
| Personal name | BINGHAM CHARLOTTE |
| 245 ## - TITLE STATEMENT | |
| Title | THE MOON AT MIDNIGHT |
| 520 ## - SUMMARY, ETC. | |
| Summary, etc | No sooner has the threat of nuclear war seemed to have passed than Judy, Mathilda and Rusty are facing a new, personal crisis brought about by their teenage children. Still grieving for his lost wife, Waldo Astley tries his best to help his three friends, only to find himself falling in love with one of them... |
| 650 ## - SUBJECT ADDED ENTRY--TOPICAL TERM | |
| Topical Term | NOVEL |
| Geographic subdivision | UK |
| 942 ## - ADDED ENTRY ELEMENTS (KOHA) | |
| Koha item type | Books |
| Withdrawn status | Lost status | Collection code | Home library | Current library | Shelving location | Date acquired | Source of acquisition | Full call number | Accession Number | Koha item type |
|---|---|---|---|---|---|---|---|---|---|---|
| Fiction | Main Library | Main Library | SHELF-2-D ENGLIAH NOVELS FOR TEACHERS | 06/07/2013 | PURCHASE | 823 B IN/M | 07519 | Books |